000 00672nam a2200265Ia 4500
005 20260324152741.0
008 008 260324s9999 xx 000 0 eng d
020 _a9780444638908
037 _aEBOOK
040 _aCRL
040 _beng
040 _cCRL
041 _2eng
041 _aeng
084 _qCRL
100 _aZhdanov, Michael
_91229601
245 0 _aFoundations of Geophysical Electromagnetic Theory and Methods
260 _bElsevier
260 _c2017
650 _aEarth and Planetary Sciences
856 _uhttps://www.sciencedirect.com/science/book/9780444638908
942 _cEBOOK
999 _c1840492
_d1840492